Przełomowe bitwy w historii świata - Statystyki

Ogólne statystyki
  • Ten quiz został rozwiązany 214 razy
  • Średni wynik to 6 z 20
Statystyki odpowiedzi
Hint Odpowiedź % Poprawnych
490 p.n.e (Ateny,Persja) Bitwa pod Maratonem
77%
1920 n.e (II Rzeczpospolita,Rosyjska FSRR) Bitwa Warszawska
71%
1942-1943 n.e (ZSRR, III Rzesza) Bitwa stalingradzka
52%
1815 n.e (Prusy, Wielka Brytania,Niderlandy,Francja) Bitwa pod Waterloo
51%
1066 n.e (Normanowie,Angolsasi) Bitwa pod Hastings
40%
1942 n.e (Stany Zjednoczone,Japonia) bitwa o Midway
37%
732 n.e (Frankowie,Arabowie) Bitwa pod Poitiers
32%
331 p.n.e (Macedonia,Persja) Bitwa pod Gaugamelą
29%
1709 n.e (Carstwo Rosyjskie,Szwecja) Bitwa pod Połtawą
26%
9 n.e (Germanie,Cesarstwo Rzymskie) Bitwa w Lesie Teutoburskim
25%
1870 n.e (Prusy,Francja) Bitwa pod Sedanem
22%
1428-1429 n.e (Francja,Anglia) Oblężenie Orleanu
20%
1588 n.e (Anglia,Hiszpania,Portugalia) Klęska Wielkiej Armady
17%
451 n.e (Cesarstwo zachodniorzymskie,Ostrogoci) Bitwa na Polach Katalaunijskich
15%
1777 n.e (Wielka Brytania, Trzynaście kolonii) Bitwa pod Saratogą
14%
413 p.n.e (Syrakuzy,Ateny) Wyprawa sycylijska
13%
1792 n.e (Francja,Prusy,Austro-Węgry) Bitwa pod Valmy
6%
1914 n.e (Francja,Wielka Brytania,Cesarstwo Niemeckie) I bitwa nad Marną
5%
207 p.n.e (Republika rzymska,Kartagina) Bitwa nad Metaurusem
4%
1704 n.e (Anglia,Austria,Francja,Bawaria) Bitwa pod Blenheim
4%
Nie znaleziono quizów pasujących do podanych kryteriów
Rozkład punktacji
Procent ludzi z każdym wynikiem
Percentyl według liczby udzielonych odpowiedzi
Twoja historia wyników
Nie rozwiązałeś tego quizu